| 000 | 00893cam a2200253 a 4500 | ||
|---|---|---|---|
| 001 | 000012629 | ||
| 005 | 20200929163041.0 | ||
| 008 | 800313s1971 pr b s000 0 spa | ||
| 040 |
_aDO-SdBNP _bspa _cDLC _dBNPHU |
||
| 082 |
_a342.7295 _bB749t, 1971 |
||
| 100 | 1 |
_aBothwell, Reece B., _d1911- _929386 |
|
| 245 | 1 | 0 |
_aTrasfondo constitucional de Puerto Rico / _cReece B. Bothwell. |
| 250 | _a3a. ed. | ||
| 260 |
_aEspaña : _bUniversitaria : _bUniversidad de Puerto Rico, _c1971-. |
||
| 300 |
_av. ; _c21 cm. |
||
| 504 | _aIncluye referencias bibliográficas. | ||
| 504 | _aLa biblioteca posee la 1ra parte | ||
| 505 | 1 | _apt. 1. 1887-1914. | |
| 650 | 4 |
_aHistoria constitucional _zPuerto Rico _929387 |
|
| 651 | 4 |
_aPuerto Rico _xPolítica Y Gobierno _912599 |
|
| 651 | 4 |
_aPuerto Rico _xRelaciones Exteriores _zEstados Unidos _929388 |
|
| 910 | _aCatalogación por copia / LC | ||
| 049 | _aBNGR | ||
| 999 |
_c12282 _d12282 |
||